000 00817nam a22002297a 4500
005 20170124110010.0
010 _aA-549102
020 _c00.00
_a8170993326
035 _aA-549102
037 _bCen Lib/Ret
040 _aDPL
_bEN
082 _a371.81095451
_bBOR
100 _aBora, S.
_917685
245 _aStudent revolution in Assam, 1917-1947 :
_cby S. Bora
_ba historical survey /
260 _aNew Delhi
_bMittal Publications
_c1992
270 _bNew Delhi
_aA-110, Mohan Garden
_e110018
300 _axii,388p.
_c22cm(Hb)
500 _aIncludes bibliographical references and index
650 _aStudent movements -- India -- Assam -- History -- 20th century
_917686
650 _aAssam (India) -- Politics and government -- 20th century
_917687
942 _2ddc
_cEN
_h371.81095451
_mBOR
999 _c126487
_d126487